Field scale spraying
Spremljeno u:
| Autor kompanije: | |
|---|---|
| Format: | Knjiga |
| Jezik: | engleski |
| Izdano: |
Hampshire
BCPC
2006
|
| Serija: | Your Complete guide to
|
| Teme: | |
| Oznake: |
Dodaj oznaku
Bez oznaka, Budi prvi tko označuje ovaj zapis!
|
MARC
| LEADER | 00000nam a2200000 a 4500 | ||
|---|---|---|---|
| 001 | UCH8627 | ||
| 003 | CL-VaPUC | ||
| 008 | 091203e20060000uk |||||||||||||||||eng|d | ||
| 020 | |a 1901396088 | ||
| 082 | 0 | 4 | |a 632.9504 |b BRI |2 21 |
| 110 | 2 | |a British Crop Production Council |e author |9 545313 | |
| 245 | 1 | 0 | |a Field scale spraying |
| 300 | |a 82 p | ||
| 942 | |c BK | ||
| 945 | |d 20091203 00:00:00 |a rbrito | ||
| 260 | |a Hampshire |b BCPC |c 2006 | ||
| 650 | 0 | |a Fumigación |9 399945 | |
| 650 | 0 | |a Control de plagas |9 327373 | |
| 650 | 0 | |a Control biológico |9 338554 | |
| 650 | 0 | |a Fertilizantes |9 262833 | |
| 650 | 0 | |a Herbicidas |9 393022 | |
| 583 | |a last modification |c 20150430 04:05:06 |k Rodrigo Vera | ||
| 490 | 0 | |a Your Complete guide to | |
| 999 | |c 338837 |d 338835 | ||
| 952 | |0 0 |1 0 |4 0 |6 632_950400000000000_BRI_2006 |7 0 |8 A |9 431978 |a BIBAGR |b BIBAGR |d 2019-11-22 |i 4623169 |o 632.9504 BRI 2006 |p 4623169 |r 2025-01-20 |w 2019-11-22 |y BK |k AGR | ||